[Event "Warsaw-ch"]
[Site "Warsaw"]
[Date "1997.??.??"]
[Round "5"]
[White "Ziembinski, Marian"]
[Black "Kaczorowska, Barbara"]
[Result "0-1"]
[WhiteElo "2250"]
[BlackElo "2175"]

1.c4 c6 2.Nc3 Nf6 3.d4 d5 4.e3 e6 5.Nf3 Nbd7 6.Qc2 Bd6 7.Bd3 O-O 8.O-O dxc4
9.Bxc4 e5 10.h3 Qe7 11.Re1 e4 12.Ng5 Nb6 13.Bb3 Bf5 14.f3 Rae8 15.Ngxe4 Nxe4
16.Nxe4 Bc7 17.Qc5 Qh4 18.Nf2 Be6 19.Qc2 Bxb3 20.Qxb3 Qxd4 21.Kf1 Qh4 22.Bd2 Nc4
23.Bc1 b5 24.a4 a6 25.axb5 axb5 26.Ra6 Re6 27.Qc3 Be5 28.Qc2 Bg3 29.b3 Ne5
30.Rd1 c5 31.Ra2 c4 32.Rd4 Qe7 33.Ne4 Nc6 34.Rd1 Nb4 35.Ba3 Nxc2 36.Bxe7 Nxe3+
37.Kg1 Rxe7  0-1

[Event "Wattens op"]
[Site "Wattens"]
[Date "1997.??.??"]
[Round "?"]
[White "Bernardi, Mario"]
[Black "Duer, Werner"]
[Result "1/2-1/2"]
[WhiteElo "2020"]
[BlackElo "2330"]

1.d4 Nf6 2.Nf3 e6 3.c4 d5 4.Nc3 c6 5.e3 Nbd7 6.Bd3 dxc4 7.Bxc4 b5 8.Bd3 Bb7
9.O-O a6 10.a4 b4 11.Na2 Be7 12.Bd2 a5 13.Qe2 O-O 14.Nc1 c5 15.Nb3 cxd4 16.Nfxd4 Ne5
17.Bb5 Qd5 18.f3 Ng6 19.Rac1 Qh5 20.Bc6 Ba6 21.Bb5 Bb7 22.Bc6 Ba6 23.Bb5  1/2-1/2

[Event "Wattens op"]
[Site "Wattens"]
[Date "1997.??.??"]
[Round "?"]
[White "Klee, Charlotte"]
[Black "Wolf, Stefan"]
[Result "1/2-1/2"]
[WhiteElo "1605"]
[BlackElo "1750"]

1.Nf3 Nf6 2.d4 d5 3.e3 e6 4.c4 c6 5.Nc3 Nbd7 6.cxd5 exd5 7.Bd3 Bd6 8.e4 Nxe4
9.O-O O-O 10.Bxe4 dxe4 11.Nxe4 Be7 12.Bd2 Nf6 13.Nxf6+ Bxf6 14.Bc3 Qd5 15.Qb3 Qxb3
16.axb3 Be6 17.b4 Rfd8 18.h3 Rd5 19.Rfe1 a6 20.Re3 Be7 21.Ne5 Rdd8 22.Rd1 Bg5
23.Ree1 Bb3 24.Ra1 Re8 25.Nd3 Bc4 26.Nc5 Rxe1+ 27.Rxe1 b6 28.Nd7 b5 29.Nb6 Rb8
30.Nxc4 bxc4 31.Re5 Bf6 32.Rc5 Rb6 33.Rxc4 Kf8 34.d5 cxd5 35.Rc8+ Ke7 36.Kh2 Kd7
37.Rc5 Bxc3 38.bxc3 Kd6 39.Rc8 Rc6 40.Rd8+ Ke6 41.Re8+ Kd7 42.Re3 Re6 43.Rd3 Kc6
44.Kg3 Rd6 45.Rd4 Kd7  1/2-1/2

[Event "Wattens op"]
[Site "Wattens"]
[Date "1997.??.??"]
[Round "?"]
[White "Kupfner, Franz"]
[Black "Babinetz, Rainer"]
[Result "1/2-1/2"]
[WhiteElo "2125"]
[BlackElo "1930"]

1.c4 Nf6 2.Nf3 e6 3.d4 d5 4.Nc3 c6 5.e3 Nbd7 6.Qc2 Be7 7.Bd2 O-O 8.Be2 dxc4
9.Bxc4 Nd5 10.O-O N7b6 11.Be2 Bd7 12.Ne4 Nc8 13.Nc5 b6 14.Nxd7 Qxd7 15.Ne5 Qb7
16.Qxc6 Qxc6 17.Nxc6 Nd6 18.Nxe7+ Nxe7 19.Bb4 Rfd8 20.Rfc1 Nd5 21.Be1 Rac8
22.Ba6 Rxc1 23.Rxc1 Kf8 24.a4 Ke7 25.Kf1 Rd7 26.Ke2 Rc7 27.Rxc7+ Nxc7 28.Bd3 Nd5
29.f3 g6 30.Bd2 f6 31.e4 Nc7 32.g4 Kd7 33.h4 Kc6 34.Bf4 a6 35.h5 b5 36.e5 Nd5
37.Bd2 fxe5 38.dxe5 Nc4 39.axb5+ axb5 40.Bxc4 bxc4 41.hxg6 hxg6 42.Kf2 Kd7
43.f4 Kc6 44.Kf3 Kb5 45.Ke4 Ne7 46.Be1 Kc5 47.Bf2+ Kb4 48.Bd4 Kb5 49.Bc3 Kc5
50.Ba5 Nc6 51.Be1 Ne7 52.Bh4 Nd5 53.Bf2+ Kc6 54.Kd4 Nxf4 55.Kxc4 Nd5 56.b4 Nc7
57.Be3 Nb5 58.Bc5 Nc7 59.Bd6 Nb5 60.Be7 Nc7 61.Kd4 Nb5+ 62.Ke4 Kd7 63.Bc5 Nc7
64.Kf4 Ke8 65.Ke4 Kd7 66.Kd3 Nb5 67.Kc4 Kc6 68.Bf8 Nc7 69.Bd6 Nd5 70.Bb8 Kb6
71.Bd6 Kc6 72.Bc5 Nc7 73.Bd4 Nb5  1/2-1/2

[Event "Wuerttemberg-ch"]
[Site "Willsbach"]
[Date "1997.??.??"]
[Round "2"]
[White "Latzke, Boris Alexander"]
[Black "Rabl, Joerg Stefan"]
[Result "1/2-1/2"]
[WhiteElo "2205"]
[BlackElo "2225"]

1.d4 d5 2.Nf3 Nf6 3.c4 c6 4.Nc3 e6 5.e3 Nbd7 6.Qc2 Bd6 7.Be2 O-O 8.b3 Re8
9.O-O b6 10.e4 dxe4 11.Nxe4 Nxe4 12.Qxe4 Bb7 13.Bb2 Rc8 14.Rad1 Bb8 15.Rfe1 Qe7
16.Bd3 g6 17.Qe3 Qf6 18.Ne5 Red8 19.Qh3 c5 20.Ng4 Qg7 21.Nh6+ Kf8 22.Bc1 g5
23.Qh5 Bf4 24.Bxf4 gxf4 25.d5 Nf6 26.Qh3 exd5 27.Re7 Kxe7 28.Nf5+ Kf8 29.Nxg7 Kxg7
30.Qf5 h6 31.Re1 Re8 32.Rf1 d4 33.Qxf4 Re7 34.Qg3+ Kh8 35.Qh4 Kg7 36.Bf5 Rce8
37.h3 Re2 38.Bb1 R2e5 39.Qf4 Rg5 40.g3 Re7 41.h4 Rge5 42.Bd3 Bc8 43.b4 Bh3
44.Rb1 Bd7 45.Qd2 Bc6 46.bxc5 bxc5 47.Rc1  1/2-1/2

[Event "RLPF-chA"]
[Site "Wittlich"]
[Date "1997.??.??"]
[Round "?"]
[White "Puth, Dieter"]
[Black "Moeldner, Juergen"]
[Result "1-0"]
[WhiteElo "2300"]
[BlackElo "2265"]

1.d4 d5 2.c4 c6 3.Nf3 Nf6 4.Nc3 e6 5.e3 Nbd7 6.Bd3 Bd6 7.e4 dxe4 8.Nxe4 Nxe4
9.Bxe4 Nf6 10.Bc2 Qa5+ 11.Bd2 Bb4 12.O-O Bxd2 13.Nxd2 O-O 14.Qe2 b6 15.Ne4 Nxe4
16.Qxe4 g6 17.Qxc6 Ba6 18.b3 Rab8 19.Qe4 Rfd8 20.Qe3 Qa3 21.Rfd1 Rb7 22.Rd2 Rbd7
23.Rad1 b5 24.c5 Bb7 25.h4 Qa6 26.h5 Qc6 27.f3 Qc7 28.hxg6 hxg6 29.Be4 Bd5
30.Kf2 Qh2 31.Qg5 Rc8 32.Rc2 f5 33.Bxd5 exd5 34.Qxg6+ Rg7 35.Qe6+ Kh8 36.Qxc8+ Rg8
37.Qxg8+  1-0

[Event "Wuerzburg op"]
[Site "Wuerzburg"]
[Date "1997.??.??"]
[Round "6"]
[White "Kunz, Konstantin"]
[Black "Kniest, Oliver"]
[Result "1/2-1/2"]
[WhiteElo "2295"]
[BlackElo "2220"]

1.d4 d5 2.c4 e6 3.Nc3 c6 4.e3 Nf6 5.Nf3 Nbd7 6.Qc2 Bd6 7.b3 O-O 8.Bd3 e5
9.cxd5 cxd5 10.dxe5 Nxe5 11.Nd4 Nxd3+ 12.Qxd3 a6 13.h3 Be6 14.Bb2 Rc8 15.O-O Bb8
16.Rad1 Qd6 17.f4 Rfe8 18.Nf3 Ba7 19.Ne5 Nh5 20.Ne4 Qb6 21.Bd4 dxe4 22.Bxb6 exd3
23.Bxa7 Ng3 24.Rf2 Ne4 25.Rb2 d2 26.Bd4 Rc7 27.Nf3 Rc1 28.Rxd2 Nxd2 29.Rxc1 Nxf3+
30.gxf3 Rc8 31.Rxc8+ Bxc8 32.h4 f6 33.Kf2 Kf7 34.Ke2 g6 35.Kf2 Bd7 36.Kg3 h5
37.Kf2 Bc6 38.e4 Ke6 39.Ke3 Bb5 40.a4 Bc6 41.Bb6 f5 42.Kd4 Be8 43.Bd8 Bd7
44.a5 Bb5 45.Kc5 Bc6 46.Kd4 Bb5 47.b4 Be2 48.Ke3 Bb5 49.Bc7 Bc6 50.Kd4 Bb5  1/2-1/2

[Event "Zadar op"]
[Site "Zadar"]
[Date "1997.??.??"]
[Round "4"]
[White "Rezan, Sasa"]
[Black "Jakic, Ivan"]
[Result "1-0"]
[WhiteElo "2250"]
[BlackElo "2280"]

1.d4 d5 2.Nf3 Nf6 3.c4 e6 4.Nc3 c6 5.e3 Nbd7 6.Qc2 Bd6 7.Be2 O-O 8.O-O Qe7
9.e4 Nxe4 10.Nxe4 dxe4 11.Qxe4 e5 12.Bg5 f6 13.Bd3 g6 14.Bh4 Qg7 15.dxe5 Nxe5
16.Nxe5 Bxe5 17.c5 Rd8 18.Rad1 Kh8 19.Rfe1 Bf5 20.Qf3 Bxd3 21.Rxe5 Bf5 22.Ree1 Rf8
23.Rd6 Rf7 24.h3 Raf8 25.Qc3 g5 26.Bg3 Kg8 27.Rd2 h5 28.Bd6 Rd8 29.Rde2 Rdd7
30.Re8+ Kh7 31.Ra8 a6 32.Ree8 g4 33.h4 g3 34.fxg3 Qg4 35.Qe3 Rg7 36.Rh8+ Kg6
37.Rh6+  1-0

[Event "Zadar op"]
[Site "Zadar"]
[Date "1997.??.??"]
[Round "8"]
[White "Delchev, Aleksander"]
[Black "Zaja, Ivan"]
[Result "1-0"]
[WhiteElo "2525"]
[BlackElo "2440"]

1.Nf3 d5 2.c4 c6 3.e3 Nf6 4.Nc3 e6 5.d4 Nbd7 6.Bd3 dxc4 7.Bxc4 b5 8.Bb3 a6
9.e4 c5 10.d5 c4 11.Bc2 e5 12.O-O Qc7 13.Bd2 Rb8 14.Ne2 Bd6 15.b4 cxb3 16.axb3 b4
17.Ng3 g6 18.Bd3 Nc5 19.Bg5 Nfd7 20.Be2 f6 21.Bh6 Bf8 22.Be3 Bd6 23.Nd2 O-O
24.Qc2 Bb7 25.Rfc1 Rfc8 26.Nc4 Bf8 27.h4 Qd8 28.h5 Nb6 29.hxg6 hxg6 30.Qd1 Nxc4
31.Bxc4 Qd7 32.f4 Bd6 33.f5 g5 34.Kf2 Rc7 35.Qg4 Rbc8 36.Rh1 Qg7 37.Rh5 Nd7
38.Rah1 Nf8 39.Rh6 Rxc4 40.bxc4 Rxc4 41.Qh5  1-0

[Event "Zillertal op"]
[Site "Zillertal"]
[Date "1997.??.??"]
[Round "5"]
[White "Farago, Ivan"]
[Black "Zak, Uriel"]
[Result "1-0"]
[WhiteElo "2440"]
[BlackElo "2350"]

1.d4 d5 2.c4 c6 3.Nc3 Nf6 4.e3 e6 5.Nf3 Nbd7 6.Qc2 Bd6 7.Bd3 O-O 8.O-O Qe7
9.c5 Bc7 10.e4 e5 11.exd5 cxd5 12.Bg5 e4 13.Nxd5 Nxd5 14.Bxe7 exd3 15.Qc4 Nxe7
16.d5 Ne5 17.Nxe5 Bxe5 18.Rae1 Bf6 19.Qxd3 Rd8 20.b4 a6 21.Qb3 Bf5 22.Rd1 Be4
23.d6 Nc6 24.Rfe1 Bf5 25.a4 g6 26.h3 h5 27.b5 axb5 28.axb5 Nd4 29.Qc4 Be6
30.Rxe6 Nxe6 31.Qd5 Ra5 32.Qxb7 Nxc5 33.Qb6 Nb3 34.Rb1 Ra3 35.Qe3 Nd2 36.Qxd2  1-0

[Event "Rishon Le Ziyyon 9798"]
[Site "Rishon Le Ziyyon"]
[Date "1998.01.02"]
[Round "9"]
[White "Bykhovsky, Avigdor"]
[Black "Novikov, Igor A"]
[Result "1/2-1/2"]
[WhiteElo "2400"]
[BlackElo "2590"]

1.d4 d5 2.c4 e6 3.Nc3 c6 4.e3 Nf6 5.Nf3 Nbd7 6.Qc2 Bd6 7.Bd3 O-O 8.O-O dxc4
9.Bxc4 a6 10.h3 b5 11.Bd3 Bb7 12.Ng5 h6 13.Nge4 Nxe4 14.Nxe4 Be7 15.Rd1  1/2-1/2

[Event "Rishon Le Ziyyon 9798"]
[Site "Rishon Le Ziyyon"]
[Date "1998.01.02"]
[Round "9"]
[White "Karpman, Vadim"]
[Black "Kundin, Alexander"]
[Result "1/2-1/2"]
[WhiteElo "2365"]
[BlackElo "2305"]

1.d4 d5 2.c4 c6 3.Nc3 Nf6 4.e3 e6 5.Nf3 Nbd7 6.Qc2 Bd6 7.b3 O-O 8.Be2 dxc4
9.bxc4 e5 10.O-O Re8 11.c5 Bc7 12.Re1 exd4 13.exd4 Nf8 14.Bg5 Bg4 15.d5 cxd5
16.Rad1 Bxf3 17.Bxf3 Rxe1+ 18.Rxe1 Ba5  1/2-1/2

[Event "Zagreb op"]
[Site "Zagreb"]
[Date "1998.01.04"]
[Round "2"]
[White "Zaja, Ivan"]
[Black "Vidakovic, Darko"]
[Result "1-0"]
[WhiteElo "2450"]
[BlackElo "2165"]

1.d4 d5 2.c4 c6 3.Nc3 Nf6 4.e3 e6 5.Nf3 Nbd7 6.Bd3 Bb4 7.O-O O-O 8.Qc2 dxc4
9.Bxc4 Bd6 10.Rd1 Qe7 11.Ne2 b5 12.Bd3 Bb7 13.e4 e5 14.Ng3 g6 15.Bg5 a6 16.Re1 Rfe8
17.Rad1 Rac8 18.Bf1 Qe6 19.dxe5 Nxe5 20.Nd4 Qe7 21.Ndf5 gxf5 22.Nxf5  1-0

[Event "Hastings Premier 9798"]
[Site "Hastings"]
[Date "1998.01.07"]
[Round "9"]
[White "Tkachiev, Vladislav"]
[Black "Relange, Eloi"]
[Result "1/2-1/2"]
[WhiteElo "2615"]
[BlackElo "2505"]

1.d4 d5 2.c4 c6 3.Nc3 Nf6 4.e3 e6 5.Nf3 Nbd7 6.Qc2 Bd6 7.Bd3 O-O 8.O-O e5
9.cxd5 cxd5 10.e4 dxe4 11.Nxe4 Nxe4 12.Bxe4 h6 13.Be3 exd4 14.Bh7+ Kh8 15.Bxd4 Nf6
16.Bf5 Qa5 17.Bxc8 Rfxc8 18.Qb3 Qd5 19.Rfd1 Qxb3 20.axb3 Ne4 21.Bxa7 Rc2
22.Ra4 Bc5 23.Bxc5 Rxa4 24.bxa4 Nxc5 25.h4 Nxa4 26.Rd7 Rxb2 27.Rxf7 Kg8 28.Rc7 b5
29.Nd4  1/2-1/2

[Event "ISR Leumit League"]
[Site "Israel"]
[Date "1998.01.10"]
[Round "1"]
[White "Tsesarsky, Ilya"]
[Black "Kaganskiy, Gleb"]
[Result "1-0"]
[WhiteElo "2425"]
[BlackElo "2240"]

1.Nf3 d5 2.d4 e6 3.c4 c6 4.e3 Nf6 5.Nc3 Nbd7 6.Qc2 Bd6 7.Bd3 e5 8.cxd5 cxd5
9.Nb5 Bb8 10.dxe5 Nxe5 11.Nxe5 Bxe5 12.f4 Bb8 13.Bd2 O-O 14.Rc1 Bd7 15.Nc7 Bxc7
16.Qxc7 Qxc7 17.Rxc7 Bc6 18.Bc3 d4 19.Bxd4 Nd5 20.Rxc6 bxc6 21.Kf2 Rfd8 22.Kf3 Rac8
23.Rc1 Rc7 24.Be4 f6 25.a3 Kf7 26.g4 g6 27.b4 Ne7 28.Rc5 Rb8 29.Bd3 Rf8 30.Bc4+ Ke8
31.Be6 Kd8 32.h4 Nc8 33.g5 Ke7 34.Bxc8 Rfxc8 35.Bxf6+ Kf7 36.Bd4 a6 37.Kg4 Rb7
38.h5 Rb5 39.Rc1 Rd5 40.hxg6+ hxg6 41.Rh1 Rd7 42.Rc1 Ke6 43.Rc5 Rd5 44.Rc4 a5
45.e4 Rb5 46.Bc5 axb4 47.axb4 Rd8 48.f5+ Kf7 49.e5 Re8 50.e6+ Kg8 51.Re4 gxf5+
52.Kxf5 Rb7 53.e7 Kg7 54.Ke6 Kg6 55.Rf4  1-0

[Event "NLD-sf"]
[Site "Enschede"]
[Date "1998.01.11"]
[Round "9"]
[White "Kool, GJ."]
[Black "Delemarre, Jop"]
[Result "0-1"]
[WhiteElo "2185"]
[BlackElo "2420"]

1.c4 c6 2.Nf3 d5 3.e3 Nf6 4.Nc3 e6 5.d4 Nbd7 6.Qc2 Bd6 7.Bd3 O-O 8.O-O dxc4
9.Bxc4 Qe7 10.b3 a6 11.Bb2 c5 12.a4 cxd4 13.Nxd4 Ne5 14.Be2 Bd7 15.Rac1 Rac8
16.Qb1 Nc6 17.Rfd1 Na5 18.Bf3 g6 19.Ne4 Nxe4 20.Rxc8 Bxc8 21.Qxe4 e5 22.Qd5 Bc7
23.Nc2 Rd8 24.Ba3 Rxd5 25.Bxe7 Rxd1+ 26.Bxd1 Nxb3 27.Bf6 Nc5 28.Nb4 Be6 29.f3 a5
30.Nc2 Nxa4 31.Na3 Nc3 32.Bc2 b5 33.Bd3 b4 34.Nc4 b3 35.Nxe5 Nd5  0-1

[Event "CRO-ch06"]
[Site "Pula"]
[Date "1998.01.12"]
[Round "4"]
[White "Zaja, Ivan"]
[Black "Rogic, Davor"]
[Result "1/2-1/2"]
[WhiteElo "2450"]
[BlackElo "2445"]

1.d4 d5 2.c4 c6 3.e3 Nf6 4.Nc3 e6 5.Nf3 Nbd7 6.Bd3 dxc4 7.Bxc4 b5 8.Be2 b4
9.Na4 Be7 10.O-O O-O 11.a3 bxa3 12.b3 c5 13.Bxa3 cxd4 14.Nxd4 Bb7 15.Bf3 Nd5
16.Bxe7 Qxe7 17.Nf5 exf5 18.Bxd5 Nf6  1/2-1/2

[Event "CRO-ch06"]
[Site "Pula"]
[Date "1998.01.17"]
[Round "8"]
[White "Franic, Milan"]
[Black "Rogic, Davor"]
[Result "0-1"]
[WhiteElo "2430"]
[BlackElo "2445"]

1.d4 d5 2.c4 c6 3.Nf3 Nf6 4.Nc3 e6 5.e3 Nbd7 6.Bd3 dxc4 7.Bxc4 b5 8.Bd3 Bb7
9.a3 a6 10.b4 a5 11.Rb1 Bd6 12.O-O axb4 13.axb4 Qe7 14.Qb3 O-O 15.h3 Nd5
16.Nxd5 exd5 17.Bc2 f5 18.Ne1 Nb6 19.Nd3 Nc4 20.Qc3 g5 21.Nc5 Rad8 22.Bd3 Bc8
23.Bxc4 bxc4 24.f4 Kh8 25.b5 cxb5 26.Rxb5 Rg8 27.Qc2 gxf4 28.exf4 Qh4 29.Rb6 Rg6
30.Qf2 Qxf2+ 31.Kxf2 Be5 32.dxe5 Rxb6 33.Be3 Kg8 34.Bd4 Be6 35.Ra1 Rc8 36.Ra3 Kf7
37.Ra7+ Kg6 38.Re7 Rcc6 39.Na4 Rb5 40.Nc3 Rb2+ 41.Ne2 c3 42.g3 Ra2 43.Kf3 c2
44.Be3 d4 45.Bxd4 Bd5+ 46.Ke3 c1=Q+ 47.Nxc1 Rxc1 48.e6 Re1+ 49.Kd3 Rxe6 50.Rg7+ Kh6
51.g4 Be4+ 52.Kc3 Ra3+ 53.Kb4 Rxh3 54.gxf5 Bxf5 55.Rg5 Re4  0-1

[Event "Ubeda op"]
[Site "Ubeda"]
[Date "1998.01.21"]
[Round "2"]
[White "Gonzalez Garcia, Jose"]
[Black "Barua, Dibyendu"]
[Result "0-1"]
[WhiteElo "2435"]
[BlackElo "2520"]

1.d4 d5 2.Nf3 Nf6 3.c4 e6 4.Nc3 c6 5.e3 Nbd7 6.Bd3 Bd6 7.O-O O-O 8.e4 dxc4
9.Bxc4 e5 10.Bg5 Qe7 11.h3 h6 12.Nh4 Nb6 13.Ng6 Qe8 14.Bxf6 Nxc4 15.Nxe5 Nxb2
16.Qh5 Kh7 17.f4 gxf6 18.Ng4 Bxg4 19.hxg4 Rg8 20.e5 Be7 21.Rab1 Nc4 22.Rxb7 Rg7
23.Ne4 Qd8 24.Qf5+ Rg6 25.exf6 Qxd4+ 26.Rf2 Ne3  0-1

[Event "Hoogovens-B"]
[Site "Wijk aan Zee"]
[Date "1998.01.21"]
[Round "2"]
[White "Alterman, Boris"]
[Black "Van der Wiel, John TH"]
[Result "1/2-1/2"]
[WhiteElo "2615"]
[BlackElo "2525"]

1.c4 c6 2.Nf3 d5 3.e3 Nf6 4.Nc3 e6 5.d4 Nbd7 6.Bd3 dxc4 7.Bxc4 b5 8.Bd3 a6
9.e4 c5 10.d5 c4 11.Bc2 Qc7 12.dxe6 fxe6 13.O-O Bc5 14.e5 Nxe5 15.Bf4 Bd6
16.Bxe5 Bxe5 17.Nxe5 Qxe5 18.Re1 Qc7 19.Nd5 Nxd5 20.Qxd5 Ra7 21.Bf5 O-O 22.Bxe6+ Bxe6
23.Qxe6+ Qf7  1/2-1/2

[Event "Szeged TT01 IM"]
[Site "Szeged"]
[Date "1998.01.23"]
[Round "9"]
[White "De Santis, Alessio"]
[Black "Farkas, Tibor"]
[Result "1/2-1/2"]
[WhiteElo "2310"]
[BlackElo "2340"]

1.d4 d5 2.c4 c6 3.Nc3 Nf6 4.Nf3 e6 5.e3 Nbd7 6.Be2 dxc4 7.Bxc4 b5 8.Bd3 a6
9.O-O c5 10.Qe2 Bb7 11.Rd1 cxd4 12.exd4 Be7  1/2-1/2

[Event "RUS-Cup02"]
[Site "Moscow"]
[Date "1998.01.25"]
[Round "5"]
[White "Rustemov, Alexander"]
[Black "Kravtsov, Sergey"]
[Result "1-0"]
[WhiteElo "2575"]
[BlackElo "2500"]

1.d4 d5 2.c4 c6 3.e3 Nf6 4.Nc3 e6 5.Nf3 Nbd7 6.Qc2 Bd6 7.b3 O-O 8.Be2 e5
9.cxd5 Nxd5 10.Nxd5 cxd5 11.dxe5 Nxe5 12.Bb2 Bb4+ 13.Kf1 Nxf3 14.Bxf3 Be6
15.Qd3 Qh4 16.Ke2 a5 17.a3 Be7 18.Rhd1 a4 19.b4 Rac8 20.Rac1 Rxc1 21.Rxc1 Qxh2
22.g3 Qh6 23.Bd4 Qg5 24.Rc7 Bd6 25.Rxb7 Rc8 26.Bc5 Bxc5 27.bxc5 Rxc5 28.Rb8+ Rc8
29.Qb5 Qd8 30.Rxc8 Qxc8 31.Qxa4 g5 32.Kd2 h6 33.Qb4 Qd8 34.Qc3 g4 35.Be2 h5
36.a4 Bd7 37.a5 d4 38.exd4 Qg5+ 39.Ke1 Bb5 40.Qc5 Qxc5 41.dxc5 Bc6 42.Kd2 Kg7
43.Ke3  1-0

[Event "Pobeskydi"]
[Site "Frydek-Mistek"]
[Date "1998.01.26"]
[Round "6"]
[White "Neumann, Peter"]
[Black "Splosnov, Sergei"]
[Result "0-1"]
[WhiteElo "2365"]
[BlackElo "2335"]

1.d4 d5 2.c4 e6 3.Nc3 c6 4.Nf3 Nf6 5.e3 Nbd7 6.Bd3 dxc4 7.Bxc4 b5 8.Bd3 b4
9.Ne4 Be7 10.O-O Bb7 11.Nxf6+ Nxf6 12.e4 O-O 13.Qc2 h6 14.e5 Nd7 15.Qe2 c5
16.Bb1 Re8 17.Rd1 Nf8 18.Be3 Qa5 19.dxc5 Bxc5 20.Bxc5 Qxc5 21.Be4 Bxe4 22.Qxe4 Rac8
23.h3 Red8 24.Rd4 Rxd4 25.Qxd4 Qxd4 26.Nxd4 Ng6 27.Nf3 Rc5 28.Re1 Rc2 29.Rb1 Nf4
30.Ne1 Rc5 31.g3 Nxh3+ 32.Kg2 Ng5 33.Nd3 Rc4 34.Kf1 Nf3 35.Ke2 Nxe5  0-1

[Event "Hoogovens"]
[Site "Wijk aan Zee"]
[Date "1998.01.30"]
[Round "12"]
[White "Gelfand, Boris"]
[Black "Anand, Viswanathan"]
[Result "1/2-1/2"]
[WhiteElo "2675"]
[BlackElo "2770"]

1.d4 d5 2.Nf3 Nf6 3.c4 c6 4.Nc3 e6 5.e3 Nbd7 6.Bd3 dxc4 7.Bxc4 b5 8.Bd3 Bb7
9.O-O b4 10.Ne4 Be7 11.Nxf6+ Nxf6 12.e4 O-O 13.e5 Nd7 14.Be4 Rb8 15.Be3 c5
16.Bxb7 Rxb7 17.d5 exd5 18.Qxd5 Rc7 19.e6 Nb6 20.exf7+ Rxf7 21.Qxd8+ Bxd8
22.Rac1 Rf5 23.Nd2 Na4 24.Rc2 Bf6 25.Rb1 Rd5 26.Kf1 Rdd7 27.Nc4 Rb7 28.Nd2 Rbc7
29.Nc4 Rb7 30.Nd2  1/2-1/2

[Event "Europe vs Americas"]
[Site "Mermaid Beach"]
[Date "1998.02.02"]
[Round "8"]
[White "Leitao, Rafael"]
[Black "Mueller, Karsten"]
[Result "1/2-1/2"]
[WhiteElo "2515"]
[BlackElo "2515"]

1.d4 d5 2.c4 c6 3.Nf3 Nf6 4.Nc3 e6 5.e3 Nbd7 6.Qc2 Bd6 7.b3 O-O 8.Be2 e5
9.cxd5 cxd5 10.Nb5 Bb4+ 11.Bd2 Bxd2+ 12.Nxd2 a6 13.dxe5 Nxe5 14.Nd4 Bg4 15.Bxg4 Nfxg4
16.O-O  1/2-1/2

[Event "Calcutta Goodricke op"]
[Site "Calcutta"]
[Date "1998.02.07"]
[Round "2"]
[White "Khan, WA."]
[Black "Shetty, Rahul"]
[Result "0-1"]
[WhiteElo "2065"]
[BlackElo "2315"]

1.Nf3 d5 2.d4 c6 3.c4 Nf6 4.Nc3 e6 5.e3 Nbd7 6.Bd3 dxc4 7.Bxc4 b5 8.Bd3 Bb7
9.O-O b4 10.Na4 c5 11.b3 cxd4 12.exd4 Be7 13.Bb2 O-O 14.Rc1 Rc8 15.Re1 Rxc1
16.Bxc1 Qa8 17.Bg5 Rd8 18.Nb2 h6 19.Bh4 Bxf3 20.gxf3 Nd5 21.Bxe7 Nxe7 22.Nc4 Nf6
23.Be4 Qb8 24.Qd2 Ned5 25.Ne5 Qb6 26.Nc4 Qc7 27.Bxd5 Nxd5 28.Re4 Qe7 29.Ne3 Nc3
30.Rf4 e5 31.Rg4 Rxd4 32.Rxd4 exd4 33.Nf5 Qf6 34.Ng3 Qxf3 35.Qxd4 Qxg3+ 36.fxg3 Ne2+
37.Kf2 Nxd4 38.Ke3 Nb5 39.Kd3 a5 40.Kc4 Nc3 41.a3 bxa3 42.Kxc3 f5 43.Kc2 g5  0-1

[Event "FRA-chT"]
[Site "FRA"]
[Date "1998.02.07"]
[Round "2"]
[White "Neuillet, Alexandre"]
[Black "Eliet, Nicolas"]
[Result "1/2-1/2"]
[WhiteElo "2245"]
[BlackElo "2355"]

1.d4 d5 2.Nf3 c6 3.c4 Nf6 4.Nc3 e6 5.e3 Nbd7 6.Qc2 b6 7.cxd5 cxd5 8.Bd3 Bb7
9.O-O Bd6 10.e4 dxe4 11.Nxe4 Nxe4 12.Bxe4 Rc8 13.Qe2 Bxe4 14.Qxe4 Nf6 15.Qh4 O-O
16.Ne5 Be7 17.Bg5 h6 18.Bxf6 Bxf6 19.Qe4 Bxe5 20.dxe5 Qd2 21.Qb7 Qxb2 22.Qxa7 Ra8
23.Qb7 Rfb8 24.Qc7 Rc8 25.Qd6 Rc5 26.a4 Rac8 27.g3 R5c6 28.Rab1 Qc3 29.Qd7 h5
30.Qe7 Qxe5 31.Rbd1 Qf5 32.Rd4 e5 33.Rd5 Re6 34.Rd8+ Rxd8 35.Qxd8+ Kh7 36.h4 e4
37.Qd4 Qf3 38.Re1 Qg4 39.Rb1 Qg6 40.Qe3 Rd6 41.Rb4 Re6 42.Rb5 Kg8 43.Kg2 Rd6
44.Qf4 Rd8 45.Re5 Qc6  1/2-1/2

[Event "FRA-chT"]
[Site "FRA"]
[Date "1998.02.07"]
[Round "2"]
[White "Mensch, Etienne"]
[Black "Boudre, Jean Pierre"]
[Result "0-1"]
[WhiteElo "2225"]
[BlackElo "2380"]

1.d4 d5 2.c4 c6 3.Nf3 Nf6 4.Nc3 e6 5.e3 Nbd7 6.Bd3 Bd6 7.O-O O-O 8.e4 dxc4
9.Bxc4 e5 10.d5 Nb6 11.Bb3 cxd5 12.Nxd5 Nbxd5 13.Bxd5 Nxd5 14.Qxd5 Qc7 15.Rd1 Be6
16.Qd3 Rfd8 17.Be3 f6 18.h3 Qa5 19.Bd2 Qb6 20.Be3 Qxb2 21.Rdb1 Qa3 22.Qxa3 Bxa3
23.Rxb7 a5 24.Rab1 Rdc8 25.R7b6 Bxa2 26.Ra1 Rc2 27.Ne1 Re2 28.Rc6 Bb3 29.Rxa3 Rxe1+
30.Kh2 a4 31.Bc5 Rxe4 32.Rb6 Rc8 33.Be3 f5 34.Rb7 f4 35.Ba7 Rc2 36.Rb5 Rc1
37.h4 Ree1 38.Kh3 Be6+ 39.g4  0-1

[Event "AUT-chT2S 9798"]
[Site "Austria"]
[Date "1998.02.08"]
[Round "8"]
[White "Tabernig, Bernhard"]
[Black "Kwatschewsky, Leo"]
[Result "1/2-1/2"]
[WhiteElo "2310"]
[BlackElo "2235"]

1.d4 d5 2.c4 c6 3.Nf3 Nf6 4.Nc3 e6 5.e3 Nbd7 6.Bd3 dxc4 7.Bxc4 b5 8.Bd3 Bb7
9.O-O b4 10.Na4 a6 11.a3 bxa3 12.b3 c5 13.Bxa3 cxd4 14.Bxf8 Kxf8 15.exd4 g6
16.Qe2 Nd5 17.Qd2 Qf6 18.Qh6+ Qg7 19.Qd2 Qf6 20.Be4 Kg7 21.Rac1 Qe7 22.Nc5 N7f6
23.Bd3 Rhb8 24.Ne5 a5 25.Rfe1 Nb4 26.Bc4 Be4 27.Rc3 Rh8 28.Rh3 h5 29.f4 Rad8  1/2-1/2

[Event "Calcutta Goodricke op"]
[Site "Calcutta"]
[Date "1998.02.08"]
[Round "3"]
[White "Gokhale, Jayant Suresh"]
[Black "Ramesh, RB."]
[Result "0-1"]
[WhiteElo "2305"]
[BlackElo "2345"]

1.c4 c6 2.d4 d5 3.Nf3 Nf6 4.Nc3 e6 5.e3 Nbd7 6.Bd3 dxc4 7.Bxc4 b5 8.Bb3 b4
9.Ne2 Bb7 10.O-O Bd6 11.Ng3 O-O 12.Qe2 c5 13.Rd1 Qb6 14.Bc4 Rfd8 15.Bd2 cxd4
16.exd4 Bd5 17.b3 h6 18.Ne5 a5 19.Be3 Qb7 20.f4 Ne4 21.Bxd5 Qxd5 22.Nxe4 Qxe4
23.Qd3 Qxd3 24.Nxd3 Nb6 25.Rdc1 Nd5 26.Bd2 a4 27.Kf2 axb3 28.axb3 Ra3 29.Rab1 Ra2
30.Ke1 Kh7 31.g3 Kg6 32.Rb2 Rxb2 33.Nxb2 Kf5 34.Ke2 g5 35.Nd3 gxf4 36.Rf1 Ke4
37.Nxf4 Bxf4 38.Bxf4 Ra8 39.Bxh6 Rh8 40.Be3 Rxh2+ 41.Rf2 Rxf2+ 42.Bxf2 Nc3+
43.Kd2 Nb5 44.d5 Kxd5 45.Kd3 e5 46.Bb6 Nd4 47.Ba5 Nc6 48.Bc7 f5 49.Bb6 Nd4
50.Ba5 Kc5 51.Bc7 e4+ 52.Ke3 Nxb3 53.g4 fxg4 54.Kxe4 Nd4 55.Be5 Kc4 56.Bxd4 g3  0-1

[Event "CZE-chT 9798"]
[Site "CZE"]
[Date "1998.02.08"]
[Round "7"]
[White "Smejkal, Jan"]
[Black "Vokac, Marek"]
[Result "1-0"]
[WhiteElo "2525"]
[BlackElo "2510"]

1.Nf3 Nf6 2.c4 c6 3.Nc3 d5 4.d4 e6 5.e3 Nbd7 6.Qc2 Bd6 7.Bd3 O-O 8.O-O dxc4
9.Bxc4 e5 10.Bb3 Qe7 11.h3 Bc7 12.Rd1 h6 13.Nh4 Re8 14.Ng6 Qb4 15.a3 Qa5
16.Bd2 Qa6 17.Ba2 exd4 18.exd4 Nf8 19.Nxf8 Kxf8 20.Re1 Bd7 21.Ne4 Nxe4 22.Rxe4 Kg8
23.Rae1 Rxe4 24.Qxe4 Qb5 25.Qe7 Qxb2 26.Bxf7+ Kh7 27.Bxh6 Qxd4 28.Be3 Qf6
29.Qxd7 Ba5 30.Rb1 Rf8 31.Bc4 Bb6 32.Bd3+ Kh8 33.Bxb6 axb6 34.Rf1 Rd8 35.Qf5 Qd4
36.Qh7+  1-0

[Event "CZE-chT 9798"]
[Site "CZE"]
[Date "1998.02.08"]
[Round "7"]
[White "Michenka, Jozef"]
[Black "Cesal, Jaroslav"]
[Result "1-0"]
[WhiteElo "2330"]
[BlackElo "2320"]

1.d4 d5 2.c4 c6 3.Nc3 Nf6 4.Nf3 e6 5.e3 Nbd7 6.Qc2 Be7 7.b3 O-O 8.Bd3 b6
9.Bb2 Bb7 10.Ne5 g6 11.h4 Nxe5 12.dxe5 Nd7 13.O-O-O Nxe5 14.h5 Nxd3+ 15.Rxd3 Qc7
16.e4 dxc4 17.bxc4 Rad8 18.e5 Rxd3 19.Qxd3 c5 20.Nb5 Qd8 21.Qg3 a6 22.Nd6 Bc6
23.Kb1 g5 24.f4 h6 25.Ka1 Kh8 26.Rd1 Qb8 27.fxg5 Bxg5 28.Qf2 Qc7 29.Rf1 Kg8
30.g4 Qe7 31.Rd1 b5 32.Qxc5 Bf3 33.Rg1 bxc4 34.Qxc4 f6 35.Qc3 fxe5 36.Nc4 Bd5
37.Nxe5 Bf6 38.Qe3 Rc8  1-0

[Event "CZE-chT 9798"]
[Site "CZE"]
[Date "1998.02.08"]
[Round "7"]
[White "Cvek, Robert"]
[Black "Pcola, Pavel"]
[Result "1/2-1/2"]
[WhiteElo "2405"]
[BlackElo "2420"]

1.c4 e6 2.d4 d5 3.Nc3 c6 4.e3 Nf6 5.Nf3 Nbd7 6.Qc2 Bd6 7.Be2 O-O 8.b3 a6
9.Bb2 b5 10.O-O Bb7 11.Rfd1 Qb8 12.e4 b4 13.e5 bxc3 14.Bxc3 Be7 15.exf6 Bxf6
16.Re1 Rc8 17.Bd3 g6 18.Ne5 Qc7 19.Rad1 Bg7 20.Bf1 Rd8 21.b4 Nxe5 22.dxe5 dxc4
23.Qe4 c5 24.Qxc4 Rdc8 25.a3 Bd5 26.Qxc5 Qxc5 27.bxc5 Rxc5 28.Bb4 Rc6 29.Bd6 Bh6
30.g3 Rac8 31.Bg2 Bxg2 32.Kxg2 Rc2 33.Rd3 Rb2 34.Re4 Bg5  1/2-1/2

[Event "FRA-chT"]
[Site "FRA"]
[Date "1998.02.08"]
[Round "3"]
[White "Conquest, Stuart"]
[Black "Glavina, Pablo"]
[Result "1-0"]
[WhiteElo "2480"]
[BlackElo "2425"]

1.d4 d5 2.c4 c6 3.Nf3 Nf6 4.Nc3 e6 5.e3 Nbd7 6.Qc2 Bd6 7.Bd3 h6 8.b3 Qe7
9.Bb2 b6 10.O-O Bb7 11.Rfe1 O-O 12.e4 dxe4 13.Nxe4 Nxe4 14.Rxe4 Ba3 15.Bc3 Bb4
16.Bxb4 Qxb4 17.c5 bxc5 18.d5 Qb6 19.dxe6 Nf6 20.exf7+ Rxf7 21.Bc4 Nd5 22.Re6 Qc7
23.Rae1 Raf8 24.h3 Bc8 25.Re8 Bxh3 26.Rxf8+ Rxf8 27.Ne5 Re8 28.f4 Be6 29.Qg6 Bf7
30.Qg3 Qd6 31.Kh2 Be6 32.Bd3 Qf8 33.f5 Bf7 34.Nd7 Rxe1 35.Nxf8 Re3 36.Qb8 Re8
37.Qxa7 Rxf8 38.Qxc5 Be8 39.a4  1-0